000 00950nas a2200289 4500
001 BR2014006097
003 BR-BrBNA
005 20231205124558.0
007 ta
008 230509b bl.|||p| |||| 00| 00por d
040 _aBR-BrBNA
_bpor
_cBiblioteca Nacional de Agricultura
041 _a(Pt)
072 _aF30; J11
100 1 _aSantos, R.C.
100 1 _aLuz, L.N. da
100 1 _aPinheiro, M.P.N.
100 1 _aGalvão Filho, A.L. de A.
100 1 _aLima, L.M. de
245 1 _aProspecção de descritores para seleção de genótipos de amendoim tolerantes a pragas de grãos armazenados
650 _aARMAZENAMENTO
650 _aMELHORAMENTO GENÉTICO VEGETAL
650 _aARACHIS HYPOGAEA
650 _aPRAGA
773 0 _tRevista Brasileira de Engenharia Agrícola e Ambiental (Brazil)
_xISSN 1415-4366
_g(Aug 2014), V. 18(8) p. 851-855
_wBR2014006097
909 _a202311
_bLúcia
_c55
_dLúcia Elande
942 _2AGRIS
_n0
_cANA
999 _c239819
_d239819